Harry Potter... or Percy Jackson? - Statistics

General Stats
  • This quiz has been taken 534 times
  • The average score is 13 of 15
Answer Stats
Question Answer % Correct
Uses a wand Harry Potter
99%
Plays Quidditch Harry Potter
98%
Wears glasses Harry Potter
98%
More prominently uses a pen Percy Jackson
95%
Attends a summer camp Percy Jackson
95%
Was created first Harry Potter
94%
Controls water Percy Jackson
93%
Is an orphan Harry Potter
90%
Has ADHD Percy Jackson
90%
Can talk to horses Percy Jackson
85%
Third wheel to his best friends' relationship Harry Potter
81%
Has a scar Harry Potter
81%
Has black hair Both
80%
Is 13 at the start of his series Neither
39%
Is the main character for 6 books Neither
31%
No matching quizzes found
Score Distribution
Percent of People with Each Score
Percentile by Number Answered
Your Score History
You have not taken this quiz